000 01741cam a2200205 4500500
005 20260405085550.0
041 _afre
042 _adc
100 1 0 _aChiss, Jean-Louis
_eauthor
700 1 0 _aAuger, Nathalie
_eauthor
700 1 0 _aChnane-Davin, Fatima
_eauthor
700 1 0 _aCuq, Jean-Pierre
_eauthor
700 1 0 _aMarquilló Larruy, Martine
_eauthor
700 1 0 _aSpaëth, Valérie
_eauthor
700 1 0 _aWeber, Corinne
_eauthor
245 0 0 _aLe FLE et la francophonie dans le monde
260 _bArmand Colin,
_c2021.
520 _aCet ouvrage a une vocation d'information et de problématisation. Il s'agit de proposer une synthèse sur la place actuelle du français dans le monde et la francophonie, sur l'enseignement du français comme langue étrangère ou seconde vue dans son histoire et la diversité de ses contextes. Le devenir du français à l'étranger dans sa factualité et ses représentations, les permanences et les transformations des méthodologies ainsi que la description de la langue dans une optique FLE, les institutions et les dimensions linguistiques, littéraires et culturelles de l'espace francophone, constituent les principaux aspects de cette démarche. Ce collectif de professeurs des universités spécialistes du domaine, dirigé par Jean-Louis Chiss, a rédigé cet ouvrage à l'intention des enseignants-chercheurs, des formateurs d'enseignants, des enseignants et des étudiants. Les instances nationales et internationales des politiques linguistiques et culturelles en sont aussi les destinataires comme les francophones et les francophiles du monde.
856 4 1 _uhttps://shs.cairn.info/le-fle-et-la-francophonie-dans-le-monde--9782200631734?lang=fr&redirect-ssocas=7080
999 _c2198566
_d2198566